000 00674cab a2200229 4500
001 ##L132254
008 060123n2006 000 0 eng u
035 _a(Sirsi) u132254
041 0 _aeng
100 1 _aKilcoyne, Desmond
245 0 0 _aAdverse possession round-up
260 _c2006
490 0 _aEMIS Property Service
_v4(1) January 2006, 5-7(2)
520 _aLaw summaries on adverse possession of disputed land.
590 _aIKA310106
650 2 4 _aHILL V TRANSPORT FOR LONDON
650 2 4 _aBATSFORD ESTATES (1983) V TAYLOR
650 2 4 _aWRETHAM V ROSS
650 2 4 _aBARRETT V TOWER HAMLETS
690 _aPROPERTY-ACQUISITION AND DISPOSAL
942 _n0
999 _c76376
_d76376